| 000 | 00521nam a2200181 i 4500 | ||
|---|---|---|---|
| 001 | 90076 | ||
| 003 | ES-MaACL | ||
| 007 | t| | ||
| 008 | 050118s1971 mx ||||1| spa d | ||
| 100 | 1 |
_aLazo, Raimundo. _970821 |
|
| 245 | 1 | 3 |
_aLa novela andina _b: pasado y futuro / _cRaimundo Lazo. |
| 260 |
_aMĂ©xico : _bPorrĂșa, _c1971. |
||
| 300 |
_a100 p. ; _c22 cm. |
||
| 490 | 1 |
_aSepan cuantos... ; _v179 |
|
| 830 | 0 | 0 |
_aSepan cuantos_ _v179 _9180801 |
| 852 |
_aES-MaACL _jE-6066 _bR.90678 |
||
| 999 |
_c90076 _d90076 |
||